00538cam a2200193 i 4500001001200000008004100012020001500053040001300068092002200081100002000103245006400123260003000187300001900217490002300236600004900259997000900308997000900317999001800326ocm52463276811019s1981 enk 000 0 eng H a0582782546 aHUAcHUA a828.1bD54 C3o2+b1 aBrown, Suzanne.10aCharles Dickens: Oliver Twist :bnotes /cby Suzanne Brown. aHarlow :bLongman,c1981. a76 p ;c21 cm.0 aYork notes ;v122.10aDickens, Charles,d1812-1870.tOliver Twist. boclc bacas c20868d255368